| 000 | 00599ngm a22002530a 4500 | ||
|---|---|---|---|
| 001 | PT13539 | ||
| 003 | AR-LpoUNG | ||
| 005 | 20210201232329.0 | ||
| 007 | co ||u|||uuuuu | ||
| 008 | 191001ss.f.||||ag |||||||||||||||||spa d | ||
| 040 |
_aAR-LpoUNG _bspa _cAR-LpoUNG _eaacr |
||
| 041 | _aspa | ||
| 044 | _aag | ||
| 082 | 0 | _a982.064 514che | |
| 245 | 1 | 0 | _aChe por siempre |
| 260 |
_aBuenos Aires : _bPágina 12, _cs.f.. |
||
| 650 | 4 | _aBIOGRAFIAS | |
| 650 | 4 | _aGUERRA CIVIL | |
| 650 | 4 | _aMOVIMIENTOS SOCIALES | |
| 650 | 4 | _aPOLITICA | |
| 650 | 4 | _aREVOLUCION | |
| 905 | _a13539 | ||
| 942 | _cCDDVD | ||
| 999 |
_c53387 _d53387 |
||